Entry Nombre personal
001 - NÚMERO DE CONTROL
- campo de control: 111150
003 - IDENTIFICADOR DE NÚMERO DE CONTROL
- campo de control: OSt
005 - FECHA Y HORA DE LA ÚLTIMA TRANSACCIÓN
- campo de control: 20250408105243.0
008 - ELEMENTOS DE DATO DE LONGITUD-FIJA
- campo de control de longitud fija: 250408|| aca||aabn | a|a d
024 7# - IDENTIFICADOR DE OTROS ESTÁNDARES
- Número estándar o código: https://archivo.fotografico.uma.es/atom/index.php/martinez-terol-federico-fl-1868-1936
024 7# - IDENTIFICADOR DE OTROS ESTÁNDARES
- Número estándar o código: https://archivogeneral.carm.es/archivoGeneral/arg.detalle_documento_descriptor?idDetalle=2281170&idFicha=1001
040 ## - FUENTE DE CATALOGACIÓN
- Centro catalogador/agencia de origen: OSt
100 ## - ENCABEZAMIENTO-NOMBRE DE PERSONA
- Nombre de persona: Martínez Terol, Federico
- Fechas asociadas al nombre: (1868-1936)
370 ## - LUGAR ASOCIADO
- Lugar de nacimiento: España, Murcia
372 ## - CAMPO DE ACTIVIDAD
- Campo de actividad: Fotografía
374 ## - OCUPACIÓN
- Ocupación: Fotógrafo
375 ## - GÉNERO/SEXO
- Género: Masculino
400 1# - TRAZADO DE VÉASE--NOMBRE DE PERSONA
- Nombre de persona: M. Terol
400 1# - TRAZADO DE VÉASE--NOMBRE DE PERSONA
- Nombre de persona: Federio Terol
400 1# - TRAZADO DE VÉASE--NOMBRE DE PERSONA
- Nombre de persona: Federico María Terol
400 1# - TRAZADO DE VÉASE--NOMBRE DE PERSONA
- Nombre de persona: Fotografía Terol
670 ## - FUENTE DE DATOS ENCONTRADOS
- Enlace: https://archivo.fotografico.uma.es/atom/index.php/martinez-terol-federico-fl-1868-1936
- Cita de la fuente: WWW Archivo Fotográfico UMA, 08/04/2025
- Información encontrada: Martínez Terol, Federico. -- Desde 1895 en la calle Hortaleza, 33, 4º, que funcionó al menos hasta 1936. -- asociado con el representante artístico Ramón Saus.
670 ## - FUENTE DE DATOS ENCONTRADOS
- Enlace: https://archivogeneral.carm.es/archivoGeneral/arg.detalle_documento_descriptor?idDetalle=2281170&idFicha=1001
- Cita de la fuente: WWW Archivo General Región de Murcia, 08/04/2025
- Información encontrada: Martínez Terol, Federico.